Szczegóły MARC21

Mille ans de littérature française /

005 -DATA I CZAS OSTATNIEJ MODYFIKACJI [,]
    • @
    • pole kontrolne
    • 20090706142131.0
020 -Międzynarod. znormalizowany nr książki - ISBN [ , ]
    • a
    • Numer ISBN
    • 978209179062 Find
040 -Instytucja sporządzająca opis [ , ]
    • a
    • Instytucja, która sporządziła opis (NP)
    • SZCZ U/SA
    • c
    • Instytucja, która sporządziła rekord (NP)
    • SZCZ U/SA
    • d
    • Instytucja, która zmodyfikowała rekord (P)
    • SZCZ U/AP
041 -Język dokumentu [0, ]
    • a
    • Język tekstu (P)
    • francuski
044 -Kraj miejsca wydania [ , ]
    • a
    • Kraj miejsca wydania
    • Francja
942 -Rodzaj dokumentu [ , ]
    • c
    • Rodzaj dokumentu
    • Książka
245 -Strefa tytułu i oznaczenia odpowiedzialności [0,0]
    • a
    • Tytuł
    • Mille ans de littérature française / Find
    • c
    • Pozostałe elementy strefy tytułu i oznaczenia odpowiedzialności (NP)
    • Claude Bouthier [i in.].
260 -Strefa adresu wydawniczego [ , ]
    • a
    • Miejsce wydania (P)
    • Paris :
    • b
    • Nazwa wydawcy (P)
    • Nathan,
    • c
    • Data wydania (P)
    • 2003.
300 -Strefa opisu fizycznego [ , ]
    • a
    • Określenie formy książki i/lub objętość (NP)
    • 672 s. :
    • b
    • Oznaczenie ilustracji (NP)
    • il. ;
    • c
    • Format (NP)
    • 27 cm.
500 -Uwaga ogólna [ , ]
    • a
    • Uwaga ogólna (NP)
    • Na 1 s. okł.: Les grands écrivains. Les plus beaux textes. Les repères culturels et historiques.
500 -Uwaga ogólna [ , ]
    • a
    • Uwaga ogólna (NP)
    • Książka bogato ilustrowana.
080 -Uniwersalna Klasyfikacja Dziesiętna [ , ]
    • 2
    • Identyfikator wydania tablic
    • UDC-P058
    • a
    • Symbol klasyfikacji
    • 821.124-82
    • b
    • Dopowiedzenie
    • Literatura łacińska. - Antologie. Wypisy. Chrestomatie.
    • x
    • Poddział wspólny
    • "-07/04"
    • b
    • Dopowiedzenie
    • Od VII w.p.n.e. do V n.e.
    • x
    • Poddział wspólny
    • =133.1
    • b
    • Dopowiedzenie
    • =Język francuski.
080 -Uniwersalna Klasyfikacja Dziesiętna [ , ]
    • 2
    • Identyfikator wydania tablic
    • UDC-P058
    • a
    • Symbol klasyfikacji
    • 821.14’02-82
    • b
    • Dopowiedzenie
    • Literatura grecka klasyczna - Antologie. Wypisy. Chrestomatie.
    • x
    • Poddział wspólny
    • "-07/04"
    • b
    • Dopowiedzenie
    • Od VII w.p.n.e. do V n.e.
    • x
    • Poddział wspólny
    • =133.1
    • b
    • Dopowiedzenie
    • =Język francuski.
080 -Uniwersalna Klasyfikacja Dziesiętna [ , ]
    • 2
    • Identyfikator wydania tablic
    • UDC-P058
    • a
    • Symbol klasyfikacji
    • 821.133.1-82
    • b
    • Dopowiedzenie
    • Literatura francuska. - Antologie. Wypisy. Chrestomatie.
    • x
    • Poddział wspólny
    • "05/19"
    • b
    • Dopowiedzenie
    • Od VI do XX wieku.
    • x
    • Poddział wspólny
    • =133.1
    • b
    • Dopowiedzenie
    • =Język francuski.
980 -Symbol UKD [ , ]
    • a
    • UKD
    • 821.124+821.14’02]"-07/04"+821.133.1"05/19"]-82=133.1
700 -Hasło dodatkowe - nazwa osobowa [1, ]
    • a
    • Nazwa osobowa (NP)
    • Bouthier, Claude Find
920 -ISBN [ , ]
    • a
    • ISBN
    • 978-2-09-179062 Find
Sygnatura Data inwentaryzacji Lokalizacja Status udost. Numer inwentarzowy
FR. Lit. franc. - antologie 082009-06-04BM1A.8444